Pháp luật về thế chấp hàng hóa luân chuyển trong hoạt động cho vay tại ngân hàng thương mại : Luận văn Thạc sĩ Luật học. Chuyên ngành Luật kinh tế

Nghiên cứu được thực hiện nhằm để phân tích, đánh giá và tổng hợp các quy định của pháp luật dựa trên cơ sở lý luận; nêu lên thực trạng áp dụng các quy định hiện hành về việc thế chấp hàng hóa luân chuyển trong hoạt động cho vay của...

Deskribapen osoa

Gorde:
Xehetasun bibliografikoak
Egile nagusia: Nguyễn, Quốc Văn
Formatua: Liburua
Hizkuntza:Undetermined
Argitaratua: Cần Thơ Trường Đại học Cần Thơ 2018
Gaiak:
Etiketak: Etiketa erantsi
Etiketarik gabe, Izan zaitez lehena erregistro honi etiketa jartzen!
Thư viện lưu trữ: Trung tâm Học liệu Trường Đại học Cần Thơ
LEADER 01572nam a2200229Ia 4500
001 CTU_228900
008 210402s9999 xx 000 0 und d
082 |a 332.1753 
082 |b V115 
088 |a 60380107 
100 |a Nguyễn, Quốc Văn 
245 0 |a Pháp luật về thế chấp hàng hóa luân chuyển trong hoạt động cho vay tại ngân hàng thương mại : 
245 0 |b Luận văn Thạc sĩ Luật học. Chuyên ngành Luật kinh tế 
245 0 |c Nguyễn Quốc Văn ; Lê Vũ Nam (Cán bộ hướng dẫn) 
260 |a Cần Thơ 
260 |b Trường Đại học Cần Thơ 
260 |c 2018 
520 |a Nghiên cứu được thực hiện nhằm để phân tích, đánh giá và tổng hợp các quy định của pháp luật dựa trên cơ sở lý luận; nêu lên thực trạng áp dụng các quy định hiện hành về việc thế chấp hàng hóa luân chuyển trong hoạt động cho vay của các Ngân hàng thương mại, nhằm nâng cao công tác quản lý khoản vay, nâng cao chất lượng tín dụng và cũng như hạn chế rủi ro trong hoạt động cấp tín dụng khi nhận thế chấp hàng hóa luân chuyển. 
650 |a Banks and banking,Ngân hàng và nghiệp vụ ngân hàng 
650 |z Vietnam,Việt Nam 
910 |b nthai 
980 |a Trung tâm Học liệu Trường Đại học Cần Thơ